Proyecto N° 45 de resolución técnica "Normas contables profesionales. Norma unificada argentina de contabilidad". (Registro nro. 12731)
[ vista simple ]
| 000 -LEADER | |
|---|---|
| fixed length control field | 00376 a2200109 4500 |
| 001 - CONTROL NUMBER | |
| control field | ART_55605 |
| 005 - DATE AND TIME OF LATEST TRANSACTION | |
| control field | 20260410161634.0 |
| 008 - FIXED-LENGTH DATA ELEMENTS--GENERAL INFORMATION | |
| fixed length control field | 260409a |
| 100 1# - MAIN ENTRY--PERSONAL NAME | |
| Personal name | Suardi, Diana |
| 245 10 - TITLE STATEMENT | |
| Title | Proyecto N° 45 de resolución técnica "Normas contables profesionales. Norma unificada argentina de contabilidad". |
| 773 0# - HOST ITEM ENTRY | |
| Title | Enfoques |
| Related parts | - N° 3 (mar. 2022) |
| Record control number | REV416 |
No hay ítems disponibles.